Self-Interest vs. Altruism in the Global Era: how society can turn self-interests into mutual benefit
Salvato in:
| Autore principale: | |
|---|---|
| Natura: | Libro |
| Lingua: | inglese |
| Pubblicazione: |
Toronto
Laitman Kabbalah Publishers
2012
|
| Edizione: | 1a. ed |
| Soggetti: | |
| Tags: |
Aggiungi Tag
Nessun Tag, puoi essere il primo ad aggiungerne!!
|
MARC
| LEADER | 00000cam a2200000 a 4500 | ||
|---|---|---|---|
| 001 | UCE8540 | ||
| 003 | CL-VaPUC | ||
| 005 | 20230425113238.0 | ||
| 008 | 150813e20120000cn |||||||||||||||||eng|d | ||
| 999 | |c 360368 |d 360366 | ||
| 020 | |a 9781897448656 | ||
| 040 | |c Pontificia Universidad Católica de Valparaíso | ||
| 082 | 0 | 4 | |a 171.9 |b LAI |2 21 |
| 100 | |a Laitman, Michael |e author |9 581292 | ||
| 245 | 1 | 0 | |a Self-Interest vs. Altruism in the Global Era: how society can turn self-interests into mutual benefit |
| 250 | |a 1a. ed | ||
| 260 | |a Toronto |b Laitman Kabbalah Publishers |c 2012 | ||
| 300 | |a 216 p | ||
| 583 | |a last modification |c 20150813 15:56:00 |k Rodrigo Vera | ||
| 650 | 0 | |a Hedonismo |9 329256 | |
| 650 | 7 | |a Egoismo |2 CL-VaPUC |9 402311 | |
| 650 | 0 | |a Altruismo |9 394841 | |
| 942 | |c BK |2 ddc | ||
| 945 | |d 20150813 15:56:00 |a dcastane | ||
| 952 | |0 0 |1 0 |3 erb |4 0 |6 171_900000000000000_LAI_2012 |7 0 |8 A |9 470115 |a BIBAGR |b BIBAGR |i 5194008 |l 1 |o 171.9 LAI 2012 |p 5194008 |r 2025-01-20 |s 2024-10-28 |w 2019-11-23 |y BK |z Catalogado en:20150813 |k AGR | ||